| 000 | 01100cam a2200313 a 4500 | ||
|---|---|---|---|
| 090 | _c0 | ||
| 001 | 12256133 | ||
| 005 | 20010215130319.0 | ||
| 008 | 001213s2000 enkab b 001 0 eng d | ||
| 010 | _a 00712010 | ||
| 020 | _a157958098x | ||
| 035 | _a(OCoLC)ocm44866469 | ||
| 040 |
_aCSA _cCSA _dIXA _dXTA _dDLC |
||
| 042 | _alccopycat | ||
| 050 | 0 | 0 |
_aHE323 _b.A75 2000 |
| 082 | 0 | 0 |
_a388.1 _221 _bARN |
| 100 | 1 | _aArnold, Guy. | |
| 245 | 1 | 0 |
_aWorld strategic highways / _cGuy Arnold. |
| 260 |
_aLondon ; _aChicago : _bFitzroy Dearborn, _cc2000. |
||
| 300 |
_axviii, 318 p. : _bill., maps ; _c26 cm. |
||
| 500 | _aIncludes index. | ||
| 650 | 0 | _aTrade routes. | |
| 650 | 0 | _aTransportation. | |
| 650 | 0 |
_aRoads _xEconomic aspects. |
|
| 650 | 0 |
_aBoundaries _xEconomic aspects. |
|
| 942 |
_2ddc _cBB |
||
| 999 |
_c10680 _d10680 |
||